00476 2200169 4500001002100000008004100021035002000062245008700082100001800169260002400187300002700211020002200238084001400260082000800274990001200282990001200294INLIS000000000001462 Ind  a0010-1024000015 aGizi Spiritual ; Sebuah motivasi Islami untuk Generasi MuslimcDr. N. Faqih Syarif aSyarif, Faqih aJakartabEmirc2018 a178 hlm.c14,5 x 21 cm a978-602-0935-78-2 a297 FAQ g a297 a0753720 a0753721